[Event "Memorial E.Bykova (w)"]
[Site "masterchessopen.com Vladimir (Russia)"]
[Date "2008.12.12"]
[Round "3"]
[White "Schepetkova Margarita (RUS)"]
[Black "Grabuzova Tatiana (RUS)"]
[Result "1-0"]
[WhiteElo "2190"]
[BlackElo "2343"]

1.e4 e6 2.d4 d5 3.Nd2 a6 4.Ngf3 c5 5.exd5 exd5 6.dxc5 Bxc5 7.Nb3 Bb6 8.Qe2+
Qe7 9.Bf4 Nc6 10.c3 Bg4 11.O-O-O Qxe2 12.Bxe2 Nge7 13.h3 Bh5 14.g4 Bg6 15.Nfd4
O-O 16.Be3 Ne5 17.Rhe1 Nc4 18.Bf4 Nc6 19.Nxc6 bxc6 20.Nd4 Rfc8 21.h4 f6 22.h5
Bf7 23.Bxc4 dxc4 24.Nf5 Bc5 25.Bd6 Bxd6 26.Nxd6 Rc7 27.Rd4 Rd8 28.Red1 Bd5
29.Nxc4 Re8 30.Ne3 Bxa2 31.c4 a5 32.Rd7 Rec8 33.Rxc7 Rxc7 34.Rd8+ Kf7 35.Ra8
Re7 36.Rxa5 Rxe3 37.fxe3 Bxc4 38.Ra7+ Kf8 39.h6 gxh6 40.Rxh7 Be6 41.Rxh6 Kg7
42.g5 {#r} 1-0

[Event "Memorial G.Maroczy"]
[Site "masterchessopen.com Budapest (Hungary)"]
[Round "7"]
[White "Szily Jozsef (HUN)"]
[Black "Botvinnik Mikhail M (RUS)"]
[Result "1-0"]
[WhiteElo "2390"]
[BlackElo "2630"]

1.d4 e6 2.e4 d5 3.Nd2 a6 4.Ngf3 c5 5.exd5 exd5 6.c4 Nf6 7.Be2 Nc6 8.cxd5 Nxd5
9.O-O cxd4 10.Nb3 Be7 11.Nfxd4 O-O 12.Bf3 Bf6 13.Nc2 Nde7 14.Ne3 Qc7 15.Qc2
Be5 16.h3 Be6 17.Bd2 Rac8 18.Rac1 Qb8 19.Nc5 Nd4 20.Qd1 Nxf3+ 21.Qxf3 Bxb2
22.Rc2 Bd4 23.Nxe6 fxe6 24.Qe4 Qe5 25.Qxb7 Bxe3 26.Rxc8 Bxd2 27.Rc2 Bg5
28.Qxa6 Qd5 29.Re1 e5 30.a4 Bf6 31.Qb6 Ra8 32.Rc5 Qd7 33.a5 Qa7 34.Qe6+ Kf8
35.Rec1 Qa6 36.Qa2 h6 37.Rc7 Qb5 38.R1c5 Qd3 39.Qe6 e4 40.Rf5 Qb1+ 41.Kh2 Qb4
{#r} 1-0

[Event "Memorial Kirov (open)"]
[Site "masterchessopen.com Sofia (Bulgaria)"]
[Date "2009.01.10"]
[Round "9"]
[White "Drenchev Petar (BUL)"]
[Black "Todorov Ognjan (BUL)"]
[Result "1-0"]
[WhiteElo "2465"]
[BlackElo "2331"]

1.e4 e6 2.d4 d5 3.Nd2 a6 4.Ngf3 c5 5.exd5 exd5 6.dxc5 Bxc5 7.Nb3 Ba7 8.Bd3 Nc6
9.O-O Nge7 10.Re1 O-O 11.Be3 Bxe3 12.Rxe3 Qd6 13.c3 Qf6 14.Nfd4 Ne5 15.Bxh7+
{#r} 1-0

[Event "Moravian League 2002/03 (2nd) (a)"]
[Site "masterchessopen.com Czech Republic"]
[Round "2"]
[White "Sekac Martin (CZE)"]
[Black "Borovicka Bohumil (CZE)"]
[Result "1-0"]
[WhiteElo "2124"]
[BlackElo "2118"]

1.e4 e6 2.d4 d5 3.Nd2 a6 4.Ngf3 c5 5.exd5 exd5 6.Be2 c4 7.O-O Bb4 8.c3 Ba5
9.Re1 Ne7 10.Nf1 O-O 11.Bg5 f6 12.Bd2 Nbc6 13.b4 Bc7 14.a4 b6 15.g3 Bd7 16.Nh4
Be8 17.Bf3 Bf7 18.Ne3 b5 19.Nhf5 Nxf5 20.Nxf5 Re8 21.Bg2 Qd7 22.axb5 Qxf5
23.bxc6 Qc8 24.Qa4 Rxe1+ 25.Bxe1 Be6 26.b5 a5 27.Bd2 g5 28.Bc1 Qd8 29.Ba3 Rb8
30.Re1 Kf7 31.Bc5 Bb6 32.Qc2 f5 33.Qe2 Qf6 34.Bd6 Rd8 35.Bc5 Rb8 36.Bxb6 Rxb6
37.Bxd5 Bxd5 38.Qe8+ Kg7 39.Qd7+ Bf7 40.c7 Rb7 41.c8=Q Rxd7 42.Qxd7 h5 43.Qc6
Qd8 44.b6 f4 45.Qc7 {#r} 1-0

[Event "Oberliga East B 2005/06"]
[Site "masterchessopen.com Germany"]
[Date "2006.04.01"]
[Round "10"]
[White "Schneider Heiko (GER)"]
[Black "Weise Martin (GER)"]
[Result "1-0"]
[WhiteElo "2223"]
[BlackElo "2159"]

1.e4 e6 2.d4 d5 3.Nd2 a6 4.Ngf3 c5 5.exd5 exd5 6.Be2 cxd4 7.Nxd4 Nf6 8.O-O Be7
9.N2f3 Nc6 10.Bg5 h6 11.Bh4 O-O 12.Re1 g5 13.Bg3 Ne4 14.Nxc6 bxc6 15.Ne5 Bf6
16.Bd3 Nxg3 17.hxg3 Qd6 18.Qe2 Ra7 19.Ng4 Bg7 20.c3 f5 21.Nh2 a5 22.Qh5 Raf7
23.Re2 Bd7 24.Rae1 Qb8 25.g4 Qb6 26.Re7 Rxe7 27.Rxe7 Qd8 28.Re2 Be8 29.Qh3 f4
30.Nf3 Qd6 31.Bf5 Bd7 32.Nd4 Bxd4 33.cxd4 Kg7 34.Qd3 Re8 35.Re5 Bxf5 36.Qxf5
Rxe5 37.dxe5 Qe7 38.Kf1 c5 39.e6 {#r} 1-0

[Event "Olympiad"]
[Site "masterchessopen.com Buenos Aires (Argentina)"]
[Round "7"]
[White "Garcia Martinez Silvino (CUB)"]
[Black "De Guzman Ricardo (PHI)"]
[Result "1-0"]
[WhiteElo "2435"]
[BlackElo "2382"]

1.e4 e6 2.d4 d5 3.Nd2 c5 4.Ngf3 a6 5.exd5 exd5 6.Be2 Nc6 7.O-O cxd4 8.Nb3 Bd6
9.Nbxd4 Nge7 10.Bg5 O-O 11.c3 Qc7 12.Bh4 Bg4 13.Bg3 Rad8 14.Re1 Ng6 15.Bxd6
Rxd6 16.h3 Bc8 17.Qd2 Rf6 18.Bf1 Nf4 19.Re3 h6 20.Rae1 Bd7 21.Ne5 Nxe5 22.Rxe5
Qd6 23.R5e3 Ne6 24.Nf3 Rd8 25.Rd1 Bc6 26.Nd4 Nc5 27.Qe1 Qb8 28.Bd3 Bd7 29.Bc2
Kf8 30.Rd2 Re8 31.Rxe8+ Qxe8 32.Re2 Qb8 33.Re3 g6 34.Qd1 Qf4 35.Rf3 Qd6
36.Rxf6 Qxf6 37.Nb3 Nxb3 38.Bxb3 Be6 39.Bxd5 Qd8 40.c4 Qd6 41.Qd4 Bxd5 42.cxd5
a5 43.Qd2 Qb4 44.Qxh6+ Ke7 45.Qg5+ Kd7 46.Qf6 Qe7 47.Qxe7+ Kxe7 48.Kh2 Kd6
49.Kg3 Kxd5 50.Kf4 {#r} 1-0

[Event "Olympiad"]
[Site "masterchessopen.com Salonika (Greece)"]
[Round "3"]
[White "Garcia Adrian (MEX)"]
[Black "Coull Alison (SCO)"]
[Result "0-1"]
[WhiteElo "2248"]
[BlackElo "2070"]

1.e4 e6 2.d4 d5 3.Nd2 a6 4.Ngf3 c5 5.exd5 exd5 6.dxc5 Bxc5 7.Nb3 Ba7 8.Be2 Nf6
9.O-O O-O 10.Bg5 Re8 11.Nbd4 Bg4 12.h3 Bh5 13.Qd3 Nbd7 14.Rfe1 Nc5 15.Qa3 Nce4
16.Bxf6 Qxf6 17.Rad1 Bxf3 18.Nxf3 Bxf2+ 19.Kh1 Bxe1 20.Rxe1 Ng3+ {#R} 0-1

[Event "Olympiad"]
[Site "masterchessopen.com Novi Sad (Yugoslavia)"]
[Round "0"]
[White "Khakpoor Abbas (IRI)"]
[Black "Murillo Alexis (CRC)"]
[Result "0-1"]
[WhiteElo "2242"]
[BlackElo "2301"]

1.e4 e6 2.d4 d5 3.Nd2 a6 4.Ngf3 c5 5.exd5 exd5 6.dxc5 Bxc5 7.Nb3 Ba7 8.Bd3 Nf6
9.O-O O-O 10.Bg5 Nc6 11.c3 h6 12.Bh4 Re8 13.Re1 g5 14.Rxe8+ Qxe8 15.Bg3 Bg4
16.Bc2 Ne4 17.Qd3 Bf5 18.Qd1 Qd7 19.Nfd4 Re8 20.Bxe4 dxe4 21.Nxf5 Qxf5 22.Qe2
e3 23.Kh1 Re6 24.fxe3 Rxe3 25.Qf2 Qe6 26.Re1 Rxe1+ 27.Qxe1 Qxe1+ 28.Bxe1 Ne5
29.Na5 b5 30.Bg3 Nd3 31.Nc6 Be3 32.Nb8 Nxb2 33.Nxa6 Nd1 34.Nc7 Nxc3 35.Be5 Ne4
36.g3 b4 37.Nd5 Bc5 38.Kg2 f5 39.Kf3 Kf7 40.Nc7 Nc3 41.a3 Bd6 {#R} 0-1

[Event "Olympiad"]
[Site "masterchessopen.com Manila (Philippines)"]
[Round "13"]
[White "Clarke Thomas (IRL)"]
[Black "Rahman Jamilur (BAN)"]
[Result "0-1"]
[WhiteElo "2137"]
[BlackElo "2185"]

1.e4 e6 2.d4 d5 3.Nd2 a6 4.Ngf3 c5 5.exd5 exd5 6.Be2 Nc6 7.dxc5 Bxc5 8.O-O Nf6
9.Nb3 Be7 10.a4 Bg4 11.a5 O-O 12.Be3 Ne4 13.Bb6 Qd7 14.Nfd4 Bxe2 15.Nxe2 Bd8
16.Nc5 Qe7 17.Qxd5 Nf6 18.Qc4 Ne5 19.Bxd8 Rfxd8 20.Qc3 Nd5 21.Qd4 Nc6 22.Qc4
Rac8 23.Na4 Ncb4 24.Qg4 Nf6 25.Qf3 Rxc2 26.Nec3 Rd3 27.Qf4 Qd6 28.Qc4 Nc6
29.Nc5 Rd4 30.Nxb7 Qxh2+ 31.Kxh2 Rxc4 32.Rab1 Rb4 33.Nc5 Nxa5 34.Nxa6 Rh4+
35.Kg3 Rg4+ 36.Kf3 Nc4 37.Nb4 Nd2+ 38.Ke3 Nxf1+ 39.Rxf1 Rxb4 40.Rd1 g6 {#R}
0-1

[Event "Olympiad"]
[Site "masterchessopen.com Moscow (Russia)"]
[Round "11"]
[White "Dimitrov Vladimir (BUL)"]
[Black "Landenbergue Claude (SUI)"]
[Result "1-0"]
[WhiteElo "2475"]
[BlackElo "2450"]

1.e4 e6 2.d4 d5 3.Nd2 a6 4.Ngf3 c5 5.exd5 exd5 6.Be2 c4 7.b3 cxb3 8.axb3 Bd6
9.O-O Ne7 10.Re1 O-O 11.Nf1 Bf5 12.Ne3 Bg6 13.Ba3 Bxa3 14.Rxa3 Nbc6 15.c3 Rc8
16.b4 Nf5 17.Nxf5 Bxf5 18.Nd2 Qd6 19.Ra2 Ne7 20.Qb3 Rc7 21.Ra5 Qh6 22.Nf1 Rfc8
23.Rc5 Qd6 24.Bf3 Be6 25.Ra1 g6 26.Ne3 Kg7 27.g3 Qd7 28.Qb2 Kg8 29.Qd2 Rd8
30.h4 h5 31.Re1 b6 32.Rxc7 Qxc7 33.Ng2 a5 34.Nf4 Rd6 35.Bxh5 gxh5 36.Nxh5 Bf5
37.bxa5 b5 38.Re5 Qd8 39.Qf4 f6 40.Rxf5 Nxf5 41.Qxf5 Kf7 42.Qh7+ Ke8 43.Ng7+
Kf8 44.Nf5 Rd7 45.Qh6+ Kf7 46.a6 Ke6 47.Ng7+ Kd6 48.Nh5 Rf7 49.Nf4 Rd7 50.Nd3
Rc7 51.Nc5 {#r} 1-0

[Event "Spartakiada URS"]
[Site "masterchessopen.com Minsk (Belarus)"]
[Round "0"]
[White "Kruppa Yuri (UKR)"]
[Black "Glek Igor V (GER)"]
[Result "1-0"]
[WhiteElo "2445"]
[BlackElo "2460"]

1.e4 e6 2.d4 d5 3.Nd2 a6 4.Ngf3 c5 5.exd5 exd5 6.Be2 c4 7.O-O Bd6 8.b3 cxb3
9.axb3 Ne7 10.Re1 Nbc6 11.Nf1 O-O 12.Ne3 h6 13.Bf1 Be6 14.g3 Rc8 15.Bg2 Na7
16.Qd2 Nb5 17.Bb2 Nc6 18.Rec1 Bb4 19.Qd3 Be7 20.c4 Nc7 21.Qe2 Bf6 22.Rd1 Re8
23.Ne5 g6 24.Qf3 Bxe5 25.dxe5 d4 26.Qf4 g5 27.Qe4 dxe3 28.Rxd8 exf2+ 29.Kxf2
Rcxd8 30.Kg1 Bc8 31.Rf1 Re6 32.Qf5 Rf8 33.Be4 Rg6 34.Qf2 Ne6 35.Ba3 Rg7
36.Bxf8 Nxf8 37.Bxc6 bxc6 38.Qc5 g4 39.Rd1 Bd7 40.Qb4 Rg5 41.Qe7 {#r} 1-0

[Event "Tournament"]
[Site "masterchessopen.com Espoo (Finland)"]
[Round "0"]
[White "Valkesalmi Kimmo (FIN)"]
[Black "Lehtivaara Risto (FIN)"]
[Result "1-0"]
[WhiteElo "2380"]
[BlackElo "2161"]

1.e4 e6 2.d4 d5 3.Nd2 a6 4.Ngf3 c5 5.exd5 exd5 6.Be2 Nf6 7.O-O Bd6 8.dxc5 Bxc5
9.Nb3 Ba7 10.Nbd4 O-O 11.b3 Bg4 12.Bb2 Re8 13.Rc1 Nbd7 14.h3 Bh5 15.Nf5 Qc7
16.Bd4 Bxd4 17.N3xd4 Bxe2 18.Nxe2 Qe5 19.Neg3 g6 20.Nh6+ Kg7 21.Ng4 Qc3 22.Ne3
Qa5 23.Qd4 Rad8 24.Rfd1 Ne5 25.f4 Ned7 26.Nxd5 Qxa2 27.Nc7 Rf8 28.Qb4 Qb2
29.Ne2 Rc8 30.Qxb7 Nc5 31.Qa7 Nxb3 32.cxb3 Qxe2 33.Re1 Qd2 34.Rcd1 {#r} 1-0

[Event "Tournament"]
[Site "masterchessopen.com Ingolstadt (Germany)"]
[Round "0"]
[White "Mooser Stefan (GER)"]
[Black "Lochte Thomas (GER)"]
[Result "1-0"]
[WhiteElo "2206"]
[BlackElo "2172"]

1.e4 e6 2.d4 d5 3.Nd2 a6 4.Ngf3 c5 5.exd5 exd5 6.dxc5 Bxc5 7.Nb3 Ba7 8.Bd3
Qe7+ 9.Qe2 Bg4 10.Qxe7+ Nxe7 11.Ne5 Bf5 12.O-O Bxd3 13.Nxd3 O-O 14.Re1 Nbc6
15.Bf4 Ng6 16.Bg3 Rac8 17.Rad1 Rfe8 18.Kf1 Red8 19.Rd2 Nce7 20.Nf4 Kf8
21.Nxg6+ Nxg6 22.c3 h5 23.Be5 Rc4 24.Na5 Nxe5 25.Rxe5 Ra4 26.Nxb7 Rb8 27.b3
Rh4 28.Nd6 Rxh2 29.Rexd5 Rh1+ 30.Ke2 Rd8 31.c4 Rg1 32.Kf3 g6 33.g3 Bb8 34.Ne4
Rxd5 35.cxd5 Ke8 36.d6 Kd7 37.Nc5+ Kc6 38.d7 Bc7 39.Nxa6 Bd8 40.Nb4+ Kb5
41.Nd3 {#r} 1-0

[Event "Tournament"]
[Site "masterchessopen.com Sao Jose do Rio Preto (Brazil)"]
[Date "2009.11.22"]
[Round "5"]
[White "Shiroma Silvio Haruo (BRA)"]
[Black "Da Silva Eduardo Batista Q (BRA)"]
[Result "1-0"]
[WhiteElo "2119"]
[BlackElo "1899"]

1.e4 e6 2.d4 d5 3.Nd2 c5 4.exd5 exd5 5.Ngf3 a6 6.dxc5 Bxc5 7.Nb3 Ba7 8.Bg5 Nf6
9.Qe2+ Be6 10.Nfd4 Qe7 11.O-O-O Nc6 12.f3 O-O 13.g4 Rfe8 14.h4 Rac8 15.Qd2 Ne5
16.h5 Ned7 17.Bf4 Red8 18.g5 Ne8 19.Re1 Bb8 20.Bh3 Nf8 21.g6 Bxf4 22.Qxf4 hxg6
23.Nxe6 Nxe6 24.Bxe6 fxe6 25.hxg6 Nf6 26.Nd4 Qc7 27.Qh4 {#r} 1-0

[Event "Tournament \"]
[Site "masterchessopen.com Internet"]
[Date "2005.07.02"]
[Round "1"]
[White "Lilov Valeri (BUL)"]
[Black "Skorchenko Dmitriy (RUS)"]
[Result "0-1"]
[WhiteElo "2231"]
[BlackElo "2464"]

1.e4 e6 2.d4 d5 3.Nd2 a6 4.Ngf3 c5 5.exd5 exd5 6.dxc5 Bxc5 7.Nb3 Ba7 8.c3 Nf6
9.Bg5 Bxf2+ 10.Kxf2 Ne4+ {#R} 0-1

[Event "Tournament (Elo)"]
[Site "masterchessopen.com San Francisco (USA)"]
[Round "9"]
[White "Chethan K"]
[Black "Nambiar Vivek (USA)"]
[Result "1-0"]
[WhiteElo "2163"]
[BlackElo "2211"]

1.e4 e6 2.d4 d5 3.Nd2 a6 4.Ngf3 c5 5.exd5 exd5 6.dxc5 Bxc5 7.Nb3 Ba7 8.Be2 Ne7
9.O-O O-O 10.c3 Nbc6 11.Bg5 f6 12.Bf4 Ng6 13.Bg3 f5 14.h3 f4 15.Bh2 Rf6 16.Qd2
Bf5 17.Nfd4 Be4 18.f3 Bf5 19.Kh1 Nce7 20.Rfd1 Bd7 21.Bf1 Rc8 22.Re1 b5 23.Rad1
Qb6 24.Bd3 Qc7 25.Bb1 a5 26.Bxg6 Nxg6 27.Nxb5 Bxb5 28.Qxd5+ Qf7 29.Qxb5 Nh4
30.Rd7 Qg6 31.Qf1 Be3 32.Nd4 Rb6 33.Re2 Rxc3 34.Nb3 Rc8 35.Qd1 h6 36.Rd8+ Rxd8
37.Qxd8+ Kh7 38.Qxh4 Qb1+ 39.Qe1 Qxa2 40.Nxa5 Qd5 41.Qb1+ Kh8 42.Bxf4 Qxa5
43.Rxe3 {#r} 1-0

[Event "Tournament (Elo)"]
[Site "masterchessopen.com Kingston (Jamaica)"]
[Date "2009.02.21"]
[Round "2"]
[White "Matthews Shane (JAM)"]
[Black "Lorne Malaku (JAM)"]
[Result "1-0"]
[WhiteElo "2228"]
[BlackElo "2091"]

1.e4 e6 2.d4 d5 3.Nd2 a6 4.Ngf3 c5 5.exd5 exd5 6.dxc5 Bxc5 7.Be2 Nc6 8.O-O
Nge7 9.Nb3 Bb6 10.c3 O-O 11.Bf4 Bf5 12.Qd2 Qd7 13.Rad1 Rad8 14.Be3 Bxe3
15.Qxe3 Rfe8 16.Qd2 Ng6 17.Nfd4 Nxd4 18.Nxd4 Bg4 19.f3 Bf5 20.Nxf5 Qxf5 21.f4
Qf6 22.g3 Ne7 23.Bf3 Nf5 24.Rfe1 Rxe1+ 25.Qxe1 d4 26.Qe5 dxc3 27.Qxf6 Rxd1+
28.Bxd1 gxf6 29.bxc3 Nd6 30.Bf3 Kf8 31.Kf2 Ke7 32.Ke3 Kd7 33.Be2 Kc6 34.Bd3 h6
35.Kd4 a5 36.c4 b6 37.g4 Nc8 38.h4 Ne7 39.h5 Kd6 40.g5 fxg5 41.fxg5 hxg5 42.h6
f5 43.h7 Ng6 44.Bxf5 Nh8 45.Bg4 Nf7 46.Bh5 Nh8 47.a4 {#r} 1-0

[Event "Tournament (Elo)"]
[Site "masterchessopen.com Aracaju (Brazil)"]
[Date "2011.02.18"]
[Round "7"]
[White "Correia Max Do Carmo (BRA)"]
[Black "Silveira Antonio Mendonca (BRA)"]
[Result "0-1"]
[WhiteElo "1970"]
[BlackElo "1837"]

1.e4 e6 2.d4 d5 3.Nd2 a6 4.Ngf3 c5 5.exd5 exd5 6.dxc5 Bxc5 7.Nb3 Bb6 8.Bd3 Nf6
9.Bg5 O-O 10.O-O Nc6 11.c3 Qd6 12.Bc2 Bc7 13.Bxf6 Qxf6 14.Qxd5 Be6 15.Qg5 b6
16.Qxf6 gxf6 17.Nbd4 Nxd4 18.Nxd4 Bd5 19.Rfe1 Rae8 20.Bb3 Bb7 21.Nf5 Re5
22.Rxe5 fxe5 23.Rd1 Rd8 24.Rxd8+ Bxd8 25.Nd6 Ba8 26.Nxf7 Bc7 27.Nxe5+ Kg7
28.Ng4 Kg6 29.Ne3 Kg5 30.Bd5 Bxd5 31.Nxd5 Bd8 32.h3 Kf5 33.Nb4 a5 34.Nc6 Bf6
35.g3 Ke4 36.Kg2 Kd3 37.f4 Kc2 38.Ne5 Kxb2 39.Kf3 Kxc3 40.Ke4 a4 41.g4 h6
42.Nd7 Bd4 43.f5 b5 44.f6 b4 45.Ne5 b3 46.axb3 a3 {#R} 0-1

[Event "Tournament (Elo) \"]
[Site "masterchessopen.com Podgorica (Montenegro)"]
[Date "2009.02.01"]
[Round "5"]
[White "Vujacic Igor (MNE)"]
[Black "Abramovic Dragoljub (MNE)"]
[Result "1-0"]
[WhiteElo "2228"]
[BlackElo "2130"]

1.e4 e6 2.d4 d5 3.Nd2 a6 4.Ngf3 c5 5.exd5 exd5 6.dxc5 Bxc5 7.Nb3 Bb6 8.Bd3 Nf6
9.O-O O-O 10.Bg5 Nc6 11.c3 h6 12.Bh4 Bg4 13.h3 Bxf3 14.Qxf3 Ne5 15.Qf5 Nxd3
16.Qxd3 g5 17.Bg3 Qd7 18.Rad1 Rad8 19.Nd4 Bxd4 20.Qxd4 Ne4 21.c4 Nxg3 22.fxg3
Qc7 23.cxd5 Qxg3 24.Rf3 Qc7 25.d6 Qc2 26.Rf6 Kh7 27.d7 Qc7 28.Rd6 Qc2 29.Qf6
Qg6 30.Qe7 Qh5 31.Rf1 g4 32.hxg4 Qxg4 33.Rxf7+ Rxf7 34.Qxf7+ Qg7 35.Qf5+ Kh8
36.Kh1 a5 37.Rg6 Qxb2 38.Rxh6+ Kg8 39.Rg6+ {#r} 1-0

[Event "Tournament (juniors)"]
[Site "masterchessopen.com Lublin (Poland)"]
[Date "2006.07.12"]
[Round "6"]
[White "Gajdosz Marek (POL)"]
[Black "Pacak Mateusz (POL)"]
[Result "0-1"]
[WhiteElo "1680"]
[BlackElo "1898"]

1.e4 e6 2.d4 d5 3.Nd2 a6 4.Ngf3 c5 5.exd5 exd5 6.dxc5 Bxc5 7.Nb3 Ba7 8.Bd3 Nf6
9.O-O O-O 10.Bg5 Bg4 11.Qd2 Bxf3 12.gxf3 Nc6 13.Qf4 h6 14.Bxh6 Nh5 15.Qg4 Ne5
16.Qxh5 Nxd3 17.Bxg7 Kxg7 18.cxd3 Rh8 19.Qg4+ Kf8 20.Kh1 Bb8 21.Qb4+ Bd6
22.Qg4 Bxh2 23.Qd4 Be5+ {#R} 0-1

[Event "Tournament (juniors)"]
[Site "masterchessopen.com Lublin (Poland)"]
[Date "2006.07.13"]
[Round "7"]
[White "Gasik Anna (POL)"]
[Black "Skupinska Anna (POL)"]
[Result "1-0"]
[WhiteElo "2143"]
[BlackElo "1853"]

1.e4 e6 2.d4 d5 3.Nd2 a6 4.Ngf3 c5 5.exd5 exd5 6.dxc5 Bxc5 7.Nb3 Bb6 8.Bd3 Nf6
9.O-O O-O 10.Re1 Nc6 11.Be3 Bc7 12.h3 h6 13.c3 Re8 14.Qc2 Ne4 15.Rad1 Qf6
16.Nbd4 Bd7 17.Qb3 Qd6 18.Bxe4 Rxe4 19.Ne2 Ne5 20.Nxe5 Qxe5 21.Ng3 Rc4 22.Bb6
Qf4 23.Bxc7 Qxc7 24.Rxd5 Ba4 25.Qa3 Bc6 26.Rde5 Ra4 27.Qb3 Rf4 28.Nh5 Ra4
29.Re7 Bd7 30.Qxf7+ {#r} 1-0

[Event "Tournament (juniors)"]
[Site "masterchessopen.com Lublin (Poland)"]
[Date "2006.07.14"]
[Round "9"]
[White "Wierzbicka Wiktoria (POL)"]
[Black "Skupinska Anna (POL)"]
[Result "1-0"]
[WhiteElo "1957"]
[BlackElo "1853"]

1.e4 e6 2.d4 d5 3.Nd2 a6 4.Ngf3 c5 5.exd5 exd5 6.dxc5 Bxc5 7.Be2 Nf6 8.Nb3 Bb6
9.Bg5 Bxf2+ 10.Kxf2 Ne4+ 11.Kf1 Nxg5 12.Nxg5 Qxg5 13.Bf3 Be6 14.Qd3 O-O 15.Rd1
Nc6 16.Qd2 Qf6 17.Nd4 Rac8 18.c3 Rfd8 19.Kf2 Ne5 20.Rhe1 Nxf3 21.gxf3 Qh4+
22.Kg1 Bh3 23.Qf2 Qxf2+ 24.Kxf2 Re8 25.Ne2 Be6 26.Nf4 Rcd8 27.Nxd5 Kf8 28.Nc7
Rxd1 29.Rxd1 Rc8 30.Nxe6+ fxe6 31.Rd7 Rc5 32.Rxb7 Rd5 33.c4 Rd2+ 34.Kg3 Rc2
35.b3 Rxa2 36.c5 Rc2 37.b4 a5 38.bxa5 Rxc5 39.a6 Ra5 40.a7 h6 41.Rb8+ {#r} 1-0

[Event "Tournament (open)"]
[Site "masterchessopen.com Sao Bernardo (Brazil)"]
[Round "6"]
[White "Cominato Neto Jose (BRA)"]
[Black "Chang Suzana (BRA)"]
[Result "1-0"]
[WhiteElo "2150"]
[BlackElo "2086"]

1.e4 e6 2.d4 d5 3.Nd2 c5 4.exd5 exd5 5.Ngf3 a6 6.Be2 Nc6 7.O-O c4 8.a4 Bd6
9.b3 cxb3 10.c4 Nge7 11.cxd5 Nxd5 12.Ne4 O-O 13.Qxb3 Nf4 14.Bxf4 Bxf4 15.d5
Na5 16.Qb4 Re8 17.Bd3 Nc6 18.dxc6 Qxd3 19.Rfe1 Be6 20.cxb7 Rab8 21.Nc5 Qd6
22.Rad1 Qe7 23.Nd4 Bd6 24.Nc6 Qc7 25.Nxb8 Bxc5 26.Nxa6 Bxb4 27.Nxc7 {#r} 1-0

[Event "Tournament (open)"]
[Site "masterchessopen.com Perm (Russia)"]
[Date "2009.03.15"]
[Round "5"]
[White "Orekhov Viktor (RUS)"]
[Black "Suslin Boris (RUS)"]
[Result "0-1"]
[WhiteElo "2273"]
[BlackElo "2094"]

1.e4 e6 2.d4 d5 3.Nd2 c5 4.Ngf3 a6 5.exd5 exd5 6.dxc5 Bxc5 7.Nb3 Be7 8.h3 Nf6
9.Bd3 O-O 10.O-O h6 11.Re1 Nc6 12.c3 Bd6 13.a4 Re8 14.Be3 Ne4 15.a5 Qf6
16.Nbd4 Bd7 17.Bc2 Bc7 18.Nb3 Rad8 19.Nfd2 Qe5 20.Nf1 Bc8 21.f3 Nf6 22.Qd2 Qh5
23.Bf4 Bxf4 24.Qxf4 Qg5 25.Qxg5 hxg5 26.Ng3 g6 27.Kf2 Kf8 28.Rxe8+ Rxe8 29.Rd1
Rd8 30.Ne2 Re8 31.Ned4 Ne5 32.Bd3 Nfd7 33.Bf1 Nc4 34.Bxc4 dxc4 35.Nd2 Ne5
36.Kg3 f5 37.f4 gxf4+ 38.Kxf4 Kg7 {#R} 0-1

[Event "Tournament (open)"]
[Site "masterchessopen.com Llinars del Valles (Spain)"]
[Date "2009.05.16"]
[Round "5"]
[White "Rojano Cano Francisco (ESP)"]
[Black "Jareno Badenas Aleix (ESP)"]
[Result "1-0"]
[WhiteElo "2115"]
[BlackElo "1868"]

1.e4 e6 2.d4 d5 3.Nd2 c5 4.exd5 exd5 5.Ngf3 a6 6.Be2 c4 7.O-O Bd6 8.c3 Ne7
9.Ne5 Bxe5 10.dxe5 Nd7 11.f4 O-O 12.Nf3 Nc5 13.Be3 Ne4 14.Nd4 Nc6 15.Bf3 f5
16.Qc2 Nxd4 17.Bxd4 Qc7 18.Rad1 Be6 19.Qe2 Rac8 20.Qe3 Qa5 21.a3 Qb5 22.Bxe4
dxe4 23.Rd2 Rfd8 24.Rfd1 Rd5 25.h3 Rcd8 26.Qe2 Bf7 27.g4 Qe8 28.gxf5 Bh5
29.Qxe4 Bxd1 30.Rxd1 Qh5 31.Rd2 Qxh3 32.f6 Qh5 33.Qg2 Qg6 34.f5 Qxg2+ 35.Rxg2
g6 36.fxg6 hxg6 37.Rxg6+ Kf7 38.Rg7+ Ke6 39.Re7+ Kf5 40.f7 Kg6 41.e6 Rg5+
42.Kf2 Rf5+ 43.Ke3 {#r} 1-0

[Event "Tournament (qual-olympiad) (w)"]
[Site "masterchessopen.com Rio de Janeiro (Brazil)"]
[Date "2011.05.29"]
[Round "5"]
[White "Guimaraes Artemis Pamela (BRA)"]
[Black "Chang Suzana (BRA)"]
[Result "0-1"]
[WhiteElo "2016"]
[BlackElo "2001"]

1.e4 e6 2.d4 d5 3.Nd2 c5 4.exd5 exd5 5.Ngf3 a6 6.Be2 Nc6 7.O-O c4 8.b3 cxb3
9.axb3 Bd6 10.Re1 Nge7 11.Nf1 O-O 12.c3 Bf5 13.Bg5 h6 14.Bh4 Qd7 15.Bg3 Ng6
16.Bxd6 Qxd6 17.Ng3 Bg4 18.h3 Bd7 19.Bd3 Rae8 20.Qd2 Qf4 21.Rxe8 Bxe8 22.Bxg6
Qxd2 23.Bxf7+ Bxf7 24.Nxd2 Bg6 25.Ngf1 Rc8 26.Ne3 Bf7 27.Nf5 Bg6 28.Ne3 Bf7
29.Nf3 Be6 30.b4 Na7 31.Rc1 Nb5 32.Nd1 Bf5 33.Ne3 Be4 34.Nd2 Nxd4 35.Kf1 Bd3+
36.Ke1 Ne2 37.Ra1 Nxc3 38.Nb3 Bc4 39.Nc5 Re8 40.Kd2 Ne4+ 41.Nxe4 Rxe4 42.Rc1
Kf7 43.Nf5 Re2+ 44.Kd1 Rxf2 45.Nd6+ Ke6 46.Nxc4 Rf1+ 47.Kd2 Rxc1 48.Na5 Rc4
49.Nxb7 Rxb4 50.Nc5+ Kd6 51.Nd3 Rd4 52.Kc3 Rxd3+ 53.Kxd3 Ke5 54.g3 a5 {#R} 0-1

[Event "Tournament (team)"]
[Site "masterchessopen.com Buenos Aires (Argentina)"]
[Round "0"]
[White "De Souza Mauro (BRA)"]
[Black "Roca Alfredo (ARG)"]
[Result "1-0"]
[WhiteElo "2375"]
[BlackElo "2380"]

1.e4 e6 2.d4 d5 3.Nd2 a6 4.Ngf3 c5 5.exd5 exd5 6.Be2 c4 7.O-O Bd6 8.Re1 Ne7
9.b3 cxb3 10.axb3 O-O 11.Nf1 Bb4 12.Bd2 Bxd2 13.Qxd2 Nbc6 14.Ng3 Bg4 15.h3
Bxf3 16.Bxf3 Qd6 17.Rad1 Rfd8 18.Qe3 Rac8 19.c4 h6 20.Bg4 Rb8 21.Ne2 Qf6
22.Nf4 Kf8 23.Ne2 Re8 24.Qg3 Red8 25.Nf4 g6 26.h4 h5 27.Bh3 dxc4 28.d5 Nd4
29.bxc4 Ndf5 30.Qa3 Kg8 31.g3 Rd7 32.Ne2 Rbd8 33.Nc3 Rc7 34.Ne4 Qg7 35.d6 Rcd7
36.Rd3 Nc6 37.Red1 Ne5 38.Rd5 Nxc4 39.Qc5 b5 40.Bxf5 gxf5 41.Rxf5 Kf8 42.Nf6
Rxd6 43.Ne4 Qg4 44.Re1 Re8 45.Nxd6 Rxe1+ 46.Kh2 Rh1+ 47.Kxh1 Qd1+ 48.Kh2 Qxd6
49.Qc8+ Ke7 50.Qb7+ {#r} 1-0

[Event "Tournament (team)"]
[Site "masterchessopen.com Parana (Brazil)"]
[Round "6"]
[White "Ferreira Euclides Roberto"]
[Black "Da Costa Samir Hejazi"]
[Result "1-0"]
[WhiteElo "2096"]
[BlackElo "1882"]

1.e4 e6 2.d4 d5 3.Nd2 c5 4.exd5 exd5 5.Ngf3 a6 6.Be2 Nf6 7.O-O Bd6 8.dxc5 Bxc5
9.Nb3 Ba7 10.Bg5 O-O 11.Qd3 Nbd7 12.Rad1 Qc7 13.Nfd4 b5 14.Qg3 Qxg3 15.hxg3
Ne4 16.Bf4 Bb7 17.Nf5 Rfe8 18.Bf3 Ndf6 19.Be3 Bb8 20.Nc5 Bc6 21.Nd4 Nxc5
22.Nxc6 Nce4 23.Nxb8 Raxb8 24.Rd3 Rbc8 25.c3 Re7 26.Rfd1 Rce8 27.Bd4 g6 28.Kf1
h5 29.Bxe4 Nxe4 30.Bb6 Re6 31.Bc7 R8e7 32.Bd8 Re8 33.Rxd5 Kg7 34.Bc7 Nf6
35.Rd6 Re2 36.R6d2 R2e6 37.f3 g5 38.Rd8 Kg6 39.Rxe8 Rxe8 40.Rd6 Re6 41.Rxe6
fxe6 42.Ke2 Nd7 43.Ke3 Kf5 44.Kd4 Kf6 45.Bd8+ Kf5 46.Bc7 Kf6 47.a4 Ke7 48.axb5
axb5 49.c4 bxc4 50.Kxc4 Kf6 51.b4 Kf5 52.b5 e5 53.Kd5 Nf6+ 54.Kc6 e4 55.b6 e3
56.b7 {#r} 1-0